Bilecik Bilecik Bilecik Bilecik Bilecik
Normal view MARC view

Entry Konu Terimi

Number of records used in: 1

001 - KONTROL NUMARASI

  • Kontrol alanı: 123874

003 - KONTROL NUMARASI KİMLİĞİ

  • Kontrol alanı: TR-BiSEU

005 - SON İŞLEM TARİHİ VE ZAMANI

  • Kontrol alanı: 20260207004618.0

008 - SABİT UZUNLUKTAKİ VERİ ÖGELERİ - GENEL BİLGİ

  • Sabit uzunlukta kontrol alanı: 260207|| aca||aabn | a|a d

040 ## - KATALOGLAMA KAYNAĞI

  • Özgün kataloglama kurumu: TR-BiSEU
  • Çeviri kurumu: TR-BiSEU

150 ## - KONU BAŞLIKLARI - KONU TERİMİ

  • Konu terimi: Rus Çarlığı--II. Aleksandr

670 ## - BİLGİNİN KAYNAĞI

  • Bilginin alındığı kaynak: KOHA: (TR-BiSEU)66222: Yılmaz, Osman. 123873, Konstantin Petroviç Von Kaufman'ın Türkistan'daki faaliyetleri/